• 首页
  • 本馆介绍
  • 公告通知
  • 最新文献
  • 馆藏检索
  • 电子资源
  • 读者导购
  • 参考咨询
  • 我的图书馆
  • 登录
  • 详细信息显示
  • 放入我的书架
  • 预约/预借图书
  • 作者相关作品
  • 分类相关作品
  • 丛书相关作品
  • 出版社相关作品

书目信息

  • 表格格式
  • 工作单格式
  • 卡片格式
题名:
第一个工业化社会
    
 
作者: 钱乘旦 著
分册:  
出版信息: 成都   四川人民出版社  1988.3
页数: 396页
开本: 19厘米
丛书名: 《走向未来》丛书
单 册:
中图分类: K561.43
科图分类:
主题词: 近代史--英国
电子资源:
ISBN: 978-7-220-00334-9
000 00766nam2 2200241 450
001 0100238323
005 20020928000000.0
010    @a978-7-220-00334-9@dCNY2.43
100    @a19910415d1988 m y0chiy0110 ea
101 0  @achi
102    @aCN@b510000
105    @af z 000yy
200 1  @a第一个工业化社会@9Di Yi Ge Gong Ye Hua She Hui;Kuai @f钱乘旦著@b专著
210    @a成都@c四川人民出版社@d1988.3
215    @a396页@c图@d19厘米
225 2  @a《走向未来》丛书@f金观涛主编
330    @a本书全面勾勒出英国从农业化社会发展为工业化社会的历史过程
410  0 @12001 @a走向世界丛书
606 0  @a近代史@y英国
690    @aK561.43@v1980
701  0 @a钱乘旦@f(1949~)@9qian cheng dan@4著
801  0 @aCN@bAiZhiMarc@c19910415
905    @aBZT@dK561.43@e1@f5@sK561.43/1
    
    第一个工业化社会/钱乘旦著.-成都:四川人民出版社,1988.3
    396页:图;19厘米.-(《走向未来》丛书/金观涛主编)
    
    
    ISBN 978-7-220-00334-9:CNY2.43
    本书全面勾勒出英国从农业化社会发展为工业化社会的历史过程
●
相关链接 在五车中查询图书 在当当中查询图书 在豆瓣中查询图书


正题名:第一个工业化社会     索取号:K561.43/1         预约/预借

序号 登录号 条形码 馆藏地/架位号 状态 备注
1 2000114397   2000114397   旧书回溯/ [索取号:K561.43/1] 在馆    
2 2000114399   2000114399   旧书回溯/ [索取号:K561.43/1] 在馆    
3 2000116128   2000116128   旧书回溯/ [索取号:K561.43/1] 在馆    
4 2000116130   2000116130   旧书回溯/ [索取号:K561.43/1] 在馆    
5 2000147707   2000147707   旧书回溯/ [索取号:K561.43/1] 在馆    
山东省滨州职业学院图书馆 欢迎您!
大连网信软件有限公司© 版权所有